000 01586cam a2200361 a 4500
001 15701789
003 OSt
005 20210417112952.0
008 090416s2010 nyu b 001 0 eng
010 _a 2009016081
020 _a9781439149959 (pbk. : alk. paper)
020 _a143914995X (pbk. : alk. paper)
035 _a(OCoLC)ocn319248369
040 _aDLC
_cDLC
_dYDX
_dYDXCP
_dDLC
050 0 0 _aD16.8
_b.D84 2010
080 _a94
_bD-92
082 0 0 _a901
_222
100 1 _aDurant, Will,
_d1885-1981.
245 1 0 _aLessons of history /
_cby Will and Ariel Durant.
250 _aSimon & Schuster trade pbk. ed.
260 _aNew York :
_bSimon & Schuster Paperbacks,
_c2010.
300 _a117 p. ;
_c22 cm.
500 _aOriginally published: New York : Simon and Schuster, 1968.
504 _aIncludes bibliographical references and index.
505 0 _aHesitations -- History and the earth -- Biology and history -- Race and history -- Character and history -- Morals and history -- Religion and history -- Economics and history -- Socialism and history -- Government and history -- History and war -- Growth and decay -- Is progress real? -- Bibliographical guide.
650 0 _aHistory
_xPhilosophy.
653 _aისტორია
653 _aფილოსოფია
700 1 _aDurant, Ariel.
906 _a7
_bcbc
_corignew
_d1
_eecip
_f20
_gy-gencatlg
942 _2udc
_cBK
999 _c206
_d206